Denk ich an Deutschland (Record no. 9493)

MARC details
000 -CABECERA
campo de control de longitud fija 00628nam a2200217 a 4500
001 - NÚMERO DE CONTROL
campo de control BRL_681
005 - FECHA Y HORA DE LA ÚLTIMA TRANSACCIÓN
campo de control 20190320210842.0
008 - DATOS DE LONGITUD FIJA--INFORMACIÓN GENERAL
campo de control de longitud fija 240913s1956----gw-ap#####---#000-0#ger-#
041 ## - CÓDIGO DE LENGUA
Código de lengua del texto/banda sonora o título independiente ger
044 ## - CÓDIGO DEL PAÍS DE LA ENTIDAD EDITORA/PRODUCTORA
Código MARC del país gw
050 #4 - SIGNATURA TOPOGRÁFICA DE LA BIBLIOTECA DEL CONGRESO
Número de clasificación DD232
Número de documento/Ítem .N48 1956
100 1# - ENTRADA PRINCIPAL--NOMBRE DE PERSONA
Nombre de persona Neven-DuMont, Jürgen
9 (RLIN) 24639
245 10 - MENCIÓN DE TÍTULO
Título Denk ich an Deutschland
Resto del título ein kommentar in bild und wort
Mención de responsabilidad, etc. von Jürgen Neven und Michael Mansfeld.
260 ## - PUBLICACIÓN, DISTRIBUCIÓN, ETC.
Lugar de publicación, distribución, etc. München
Nombre del editor, distribuidor, etc. Verlag Kurt Desch
Fecha de publicación, distribución, etc. 1956
300 ## - DESCRIPCIÓN FÍSICA
Extensión 87 p.
Otras características físicas il.
Dimensiones 32 cm.
500 ## - NOTA GENERAL
Nota general Au739
651 #4 - PUNTO DE ACCESO ADICIONAL DE MATERIA--NOMBRE GEOGRÁFICO
Nombre geográfico Alemania
Subdivisión general Historia
Subdivisión cronológica Siglo XX
9 (RLIN) 24640
700 1# - PUNTO DE ACCESO ADICIONAL--NOMBRE DE PERSONA
Nombre de persona Mansfeld, Michael
9 (RLIN) 24641
902 ## - CATALOGADOR
Iniciales GRL
942 ## - ELEMENTOS DE PUNTO DE ACCESO ADICIONAL (KOHA)
Fuente del sistema de clasificación o colocación Library of Congress Classification
Tipo de ítem Koha Libros
Holdings
Estado de retiro Estado de pérdida Estado dañado No para préstamo Localización permanente Ubicación/localización actual Fecha de adquisición Número de inventario Total de préstamos Signatura topográfica completa Código de barras Fecha visto por última vez Precio válido a partir de Tipo de ítem Koha
El ejemplar forma parte de la colección y puede ser consultado según las políticas vigentes.       Biblioteca Centro de Estudios Ruth D. Lechuga Biblioteca Centro de Estudios Ruth D. Lechuga 24/09/2013 Au739   DD232 .N48 1956 (Au739) GRL00751 22/03/2019 22/03/2019 Libros